MDQL
is popping MORE tags! Check the
thread
!
Quizzes
Events
Quiz Creation
Community
Videos
Private Events
Remove Ads
Sign In
Join for FREE
Feedback
Dark Mode
Quiz Categories
Sports
Geography
Music
Movies
Television
Just For Fun
Miscellaneous
History
Literature
Language
Science
Gaming
Entertainment
Religion
Holiday
For Kids
Quiz Lab
Recent
Popular Today
Quiz Kudos Today
Editor Picks
Curator Picks
Quizzes by...
Day
Popularity
Type
Ratings
Length
Year
Community
Subscriptions
Recent Discussions
Orange Saloon
Badges
Playlists
Quests
Create
Leaderboards
Showdown
Live 5
Trivia Bingo
Activity
Puzzle Library
Sporcle Events
Private Events
Virtual Trivia
Globe League
Become a Host
Pub Owners
SporcleCon
Opinionation
Our Games
Videos
Blog
Mobile Apps
Partnerships
Remove Ads and Go Orange
Feedback
Sports
Athletes
MLB
NBA
NHL
NFL
Soccer
Sports Teams
WWE
NCAA
Football
Premier League
Basketball
Baseball
Hockey
Golf
Tennis
Cricket
Rugby
Auto Racing
Olympics
World Cup
Sports
Athletes
MLB
NBA
NHL
NFL
Soccer
Sports Teams
WWE
NCAA
Football
Premier League
Basketball
Baseball
Hockey
Golf
Tennis
Cricket
Rugby
Auto Racing
Olympics
World Cup
Random Quiz
Search Sporcle
×
Quiz Lab
Quiz Lab
Sports
Cricket
Type in answers that appear in a list
Type in answers that appear in a list
Classic
Best Score? Go Orange.
Rebel Tours - England Stats
Can you name the english cricket players who toured South Africa during apartheid as part of an 'England XI'?
By
Crickeet
8m
30 Questions
959 Plays
959 Plays
959 Plays
Comments
Comments
Give Quiz Kudos
Give Quiz Kudos
-
- Ratings
hide this ad
Replay
Link that replays current quiz
Next Quiz
Link to next quiz in quiz playlist
You Got
0%
They Got
Avg Score
55%
Avg Friend Score
Upgrade to see
Score Distribution
Jump to the score distribution portion of the page
Score
0/30
Timer
08:00
0
Plays Today
Tour
Player
% Correct
1982
Graham Gooch
94.2%
1990
Mike Gatting
89.2%
1982
Geoffrey Boycott
85.5%
1982 & 1990
John Emburey
82.5%
1990
Chris Broad
68.7%
1990
Graham Dilley
63.8%
1982
Alan Knott
62.7%
1990
Neil Foster
62.1%
1982
Denniss Amiss
61.4%
1982
Derek Underwood
60.1%
1990
Kim Barnett
60%
1990
Matthew Maynard
59.2%
1990
Tim Robinson
58.4%
1982
Les Taylor
55.9%
1982
Wayne Larkins
52.2%
Tour
Player
% Correct
1990
Bill Athey
51.2%
1982
John Lever
49.2%
1990
Chris Cowdrey
49.2%
1990
Paul Jarvis
49.1%
1982
Chris Old
48.8%
1982
Peter Willey
48.7%
1990
Bruce French
45.2%
1982
Bob Woolmer
43.7%
1982
Arnold Sidebottom
40.8%
1982
Geoff Humpage
40.5%
1982
Mike Hendrick
38.3%
1990
Richard Ellison
37.3%
1990
David Graveney
36.8%
1990
Alan Wells
36.7%
1990
Greg Thomas
35.1%
Quiz Playlist
Details
Report
Send in Message
Add To Playlist
Classic:
Type in answers that appear in a list
Quiz Source
Last Updated: Feb 15, 2019
Quiz Scoreboard
CHALLENGE
Sign Up to Join the Scoreboard
Show All
Scores
Hide
Comments
May contain spoilers
Recently Published
Holiday 10x10 Sorting Gallery
by lukepisani3
Holiday
15m
Two Season TV Shows II
by 123Four
Television
10m
Image Sorting: Flags VI
by Barbecue
Geography
2m
More to Explore
Quiz From the Vault
Featured Blog Post
14 Easter Pick-up Lines to Find Eggs With
hide this ad
You Might Also Like...
Tags
Africa Quiz
Cricket Quiz
apartheid
counties
England
English
Player
rebel
south
South Africa
tour
Toured
Today's Top Quizzes in Sports
Browse Sports
hide this ad
Today's Top Quizzes in Cricket
Browse Cricket
Top Contributed Quizzes in Sports
1
Les meilleurs buteurs des matchs entre le PSG et l’OM
2
Les entraîneurs de l'OM et du PSG au 21e siècle
3
2022 World Cup Stars
4
Players with Multiple 50 Home Run Seasons
5
Les joueurs passés par le PSG et l'OM
6
FIFA Club World Cup Champions
7
Top 10 NHL Goal Scorers of All Time
8
Criteria MLB: Left Handed Sluggers
9
Les joueurs passés par le LOSC et le RC Lens
10
2023 MLB Unique Player Accomplishments
Explore More
Trending Topics
Crossword
Kpop
Anime
Harry Potter
Disney
NBA
Marvel
Pokémon
The Office
Puzzle
Song
Soccer
Country
WWE
NFL
hide this ad
More By:
Crickeet
Quiz
Plays
Rating
Category
Featured
Created
Noughties Test Match Cricket
14,158
4.56
Sports
Jan 26, 2010
England Cricket World Cup 1992-2015
12,736
4.44
Sports
Feb 3, 2010
Cricket World Cup 2011 Top Run Scorers
7,712
4.71
Sports
Apr 3, 2011
Shane Warne's Victims
6,695
4.31
Sports
Feb 10, 2010
Cricket World Cup 2011 Most Wickets
5,943
4.63
Sports
Apr 3, 2011
Go to Creator's Profile
Score Distribution
Quiz Creator Spotlight
Crickeet
Follow
Send a Message
Quizzes Created
-
Created Quiz Play Count
-
More By This Creator
Popular Quizzes Today
1
Find the US States - No Outlines Minefield
2
Colored Red Africa Blitz
3
Find the 'City' Movie
4
The Countries of the World
5
Find the US States
6
5x2 Blitz: Bands
7
Find the Countries of Europe - No Outlines Minefield
8
US States
More Sports Quizzes
Oldest Current Big Four Stadiums/Arenas
Curator's Pick
Trending Quizzes
Colored Red Europe Blitz I
Colored Red Europe Blitz II
Colored Red Africa Blitz II
Colored Red Africa Blitz III
Colored Red Europe Blitz III
Recently Updated
Odd Team Out - Big 4 Players
pecheneg
Quick Pick: 20 Twenties
pecheneg
March Madness Men's Triple Doubles
pecheneg
How Do You Spell That?
pecheneg
Godzilla Movies
pecheneg
Grab Bag: 4-10 Letters
pecheneg
2024 March Madness Bracket
pecheneg
Famous TV Couples
Peacemaker
Champions League XIs: Real Madrid
pecheneg
Largest US Cities 1790-2010
pecheneg
Trending Topics
Anime
Harry Potter
NBA
Crossword
Marvel
Kpop
Disney
NFL
Puzzle
Pokémon
Country
WWE
The Office
Song
Soccer
Your Account Isn't Verified!
In order to create a playlist on Sporcle, you need to verify the email address you used during registration. Go to your
Sporcle Settings
to finish the process.
Report this User
Report this user for behavior that violates our
Community Guidelines
.
Details:
Send Report
Go to the Sporcle.com Mobile Site →
Comments